Research concepts for management studies / (Record no. 2766)
[ view plain ]
| 000 -LEADER | |
|---|---|
| fixed length control field | 02424nac a22002651u 4500 |
| 090 ## - LOCALLY ASSIGNED LC-TYPE CALL NUMBER (OCLC); LOCAL CALL NUMBER (OCLC) | |
| -- | 2766 |
| 008 - FIXED-LENGTH DATA ELEMENTS--GENERAL INFORMATION | |
| fixed length control field | 080806t xxu||||| |||| 00| 0 eng d |
| 010 ## - LIBRARY OF CONGRESS CONTROL NUMBER | |
| LC control number | 2005020309 |
| 020 ## - INTERNATIONAL STANDARD BOOK NUMBER | |
| International Standard Book Number | 0415341914 (hard cover) |
| 020 ## - INTERNATIONAL STANDARD BOOK NUMBER | |
| International Standard Book Number | 0415341922 (soft cover) |
| 082 00 - DEWEY DECIMAL CLASSIFICATION NUMBER | |
| Classification number | 658.0072 |
| Item number | T3611 |
| 100 ## - MAIN ENTRY--PERSONAL NAME | |
| Personal name | Thomas, Alan |
| 245 10 - TITLE STATEMENT | |
| Title | Research concepts for management studies / |
| Statement of responsibility, etc | Alan Berkeley Thomas. |
| 260 ## - PUBLICATION, DISTRIBUTION, ETC. (IMPRINT) | |
| Place of publication, distribution, etc | New York, NY : |
| Name of publisher, distributor, etc | Routledge,2006 |
| Date of publication, distribution, etc | 2006. |
| 300 ## - PHYSICAL DESCRIPTION | |
| Extent | xi, 211 p. : |
| Other physical details | ill. ; |
| Dimensions | 23 cm |
| 500 ## - GENERAL NOTE | |
| General note | "Simultaneously published in the USA and Canada." |
| 504 ## - BIBLIOGRAPHY, ETC. NOTE | |
| Bibliography, etc | Includes bibliographical references and index. |
| 505 0# - FORMATTED CONTENTS NOTE | |
| Formatted contents note | What does it all mean? Language, research and management studies -- Some features of language and discourse -- The problem of meaning and the vocabulary of research -- Contexts of meaning -- Conclusion -- Further reading -- Science and management studies -- The language of science -- The standard model of science -- Science and the social -- The social science disciplines -- Management studies and the social sciences -- Conclusion on science -- Further reading -- Theory and management studies -- The language of theory -- Perspectives on theory -- Theory in management studies -- Conclusion on theory -- Further reading -- Data and management studies -- The language of data -- Data and reality -- Data and social research -- Data in management studies -- Conclusion on data -- Further reading -- Validity and management studies -- The language of validity -- A brief history of validity in social research -- Validity in quantitative research -- Validity in qualitative research -- Poststructuralism and validity -- Validity in management studies -- Conclusion on validity -- Further reading -- Significance and management studies -- The language of significance -- Values and value-freedom in research -- Statistical significance: Is it significant? |
| 650 #0 - SUBJECT ADDED ENTRY--TOPICAL TERM | |
| Topical term or geographic name as entry element | Management |
| General subdivision | Study and teaching. |
| 650 #0 - SUBJECT ADDED ENTRY--TOPICAL TERM | |
| Topical term or geographic name as entry element | Management |
| General subdivision | Study and teaching |
| -- | Methodology. |
| 856 41 - ELECTRONIC LOCATION AND ACCESS | |
| Materials specified | Table of contents only |
| Uniform Resource Identifier | <a href="http://www.loc.gov/catdir/toc/ecip0516/2005020309.html">http://www.loc.gov/catdir/toc/ecip0516/2005020309.html</a> |
| 856 41 - ELECTRONIC LOCATION AND ACCESS | |
| Materials specified | Publisher description |
| Uniform Resource Identifier | <a href="http://www.loc.gov/catdir/enhancements/fy0661/2005020309-d.html">http://www.loc.gov/catdir/enhancements/fy0661/2005020309-d.html</a> |
| 942 ## - ADDED ENTRY ELEMENTS (KOHA) | |
| Item type | Book - Borrowing |
| Call number prefix | 658.0072T3611 |
| Source of classification or shelving scheme | Dewey Decimal Classification |
| Withdrawn status | Item status | Source of classification or shelving scheme | Damaged status | Not for loan | Home library | Current library | Shelving location | Date acquired | Source of acquisition | Cost, normal purchase price | Total Checkouts | Total Renewals | Full call number | Barcode | Date last seen | Date last borrowed | Cost, replacement price | Koha item type |
|---|---|---|---|---|---|---|---|---|---|---|---|---|---|---|---|---|---|---|
| Dewey Decimal Classification | Central Library | Central Library | First floor | 05/03/2007 | Purchase | 204.00 | 2 | 1 | 658.0072 THO | 000001523 | 15/07/2025 | 09/11/2010 | 255.00 | Book - Borrowing |